Allyl compounds and their polymers: including polyolefins

Uloženo v:
Podrobná bibliografie
Hlavní autor: Schildknecht, Calvin Everett (Autor)
Médium: Kniha
Jazyk:angličtina
Vydáno: Nueva York John Wiley 1973
Edice:High polymers, 28
Témata:
Tagy: Přidat tag
Žádné tagy, Buďte první, kdo vytvoří štítek k tomuto záznamu!

MARC

LEADER 00000nam a2200000 a 4500
001 UCW2078
003 CL-VaPUC
008 910806e19730000US |||||||||||||||||eng|d
082 0 4 |a 547.01  |b SCH  |2 21 
100 0 |a Schildknecht, Calvin Everett  |e author  |9 306038 
245 1 0 |a Allyl compounds and their polymers: including polyolefins 
300 |a 736 p 
942 |c BK 
945 |d 19910806 00:00:00 
260 |a Nueva York  |b John Wiley  |c 1973 
650 7 |a COMPUESTOS DE ALILO  |2 CL-VaPUC  |9 271735 
650 0 |a Polímeros  |9 271736 
583 |a last modification  |c 19910806 00:00:00  |k Rodrigo Vera 
490 0 |a High polymers, 28 
999 |c 216718  |d 216716